Statistics for US Cities with the Highest Tax Rates

Click here to take the quiz!

General Stats

  • This quiz has been taken 22 times
  • The average score is 8 of 15

Answer Stats

Average City % Correct
$18,143New York City
100%
$16,429Los Angeles
100%
$21,296Detroit
95%
$16,931Boston
84%
$17,705Philadelphia
79%
$19,950Baltimore
74%
$19,255Portland, ME
63%
$19,014Milwaukee
47%
$22,432Newark
42%
$16,644Oklahoma City
42%
$18,764Providence
37%
$17,469Columbus
37%
$18,551Des Moines
16%
$26,851Bridgeport
11%
$16,458Burlington
11%

Score Distribution

Percentile by Number Answered

Percent of People with Each Score

Your Score History

You have not taken this quiz